Ad Hoc and Sensor Networks (Record no. 230380)

MARC details
000 -LEADER
fixed length control field 00439nam a2200181Ia 4500
008 - FIXED-LENGTH DATA ELEMENTS--GENERAL INFORMATION
fixed length control field 240823s9999||||xx |||||||||||||| ||und||
082 ## - DEWEY DECIMAL CLASSIFICATION NUMBER
-- 681.2 Q6
100 ## - MAIN ENTRY--PERSONAL NAME
Personal name Dhurgadevi M
245 #0 - TITLE STATEMENT
Title Ad Hoc and Sensor Networks
250 ## - EDITION STATEMENT
Edition statement 1st
260 ## - PUBLICATION, DISTRIBUTION, ETC. (IMPRINT)
Date of publication, distribution, etc 2016
Name of publisher, distributor, etc AR Publica
Place of publication, distribution, etc Nagapattanam
500 ## - GENERAL NOTE
General note YES
650 ## - SUBJECT ADDED ENTRY--TOPICAL TERM
Topical term or geographic name as entry element Ad Hoc Networks
700 ## - ADDED ENTRY--PERSONAL NAME
Personal name Lavanya K G
942 ## - ADDED ENTRY ELEMENTS (KOHA)
Item type Books
Holdings
Withdrawn status Lost status Damaged status Permanent location Current location Date acquired Source of acquisition Cost, normal purchase price Full call number Barcode Date last seen Koha item type
      CENTRAL LIBRARY, NOORUL ISLAM CENTRE FOR HIGHER EDUCATION CENTRAL LIBRARY, NOORUL ISLAM CENTRE FOR HIGHER EDUCATION 12/17/2018 gift book from Ms. Sujitha 170.00 681.2 Q6 78602 08/23/2024 Books
Visitors:
Copyright © 2024 Central Library NICHE.  All rights reserved.